Principles of Public Relation (Record no. 2325)

MARC details
000 -LEADER
fixed length control field 00296nam a2200133Ia 4500
008 - FIXED-LENGTH DATA ELEMENTS--GENERAL INFORMATION
fixed length control field 230523s9999 xx 000 0 und d
082 ## - DEWEY DECIMAL CLASSIFICATION NUMBER
Classification number 659.20 RAY
100 ## - MAIN ENTRY--PERSONAL NAME
Main Author Name Rayudu, C.S.
245 #0 - TITLE STATEMENT
Title Principles of Public Relation
260 ## - PUBLICATION, DISTRIBUTION, ETC.
Place of publication Mumbai
260 ## - PUBLICATION, DISTRIBUTION, ETC.
publisher Name Himalaya
260 ## - PUBLICATION, DISTRIBUTION, ETC.
Date of publication 2013
942 ## - ADDED ENTRY ELEMENTS (KOHA)
Koha item type Text Books
Holdings
Lost status Not for loan Home library Current library Date last seen Koha item type School Total Checkouts Full call number Barcode Cost, replacement price Price effective from Withdrawn status Date acquired Source of acquisition Cost, normal purchase price Discount Bill Date Bill No
    BGU Central Library BGU Central Library 23/05/2023 Text Books School of Communication   659.20 RAY B982 285.00 23/05/2023   13/10/2014 AK Mishra Agencies, Bhubaneswar 285.00   2014-10-12 6252

Maintained and Designed by
2cqr automation private limited, Chennai. All Rights Reserved.

You are Visitor Number

PHP Hits Count